| 000 | 01373cam a2200349 a 4500 | ||
|---|---|---|---|
| 001 | 16067523 | ||
| 005 | 20150322114705.0 | ||
| 008 | 100125s2010 enka 001 0 eng | ||
| 020 | _a9780566088759 (hbk. : alk. paper) | ||
| 020 | _a0566088754 (hbk. : alk. paper) | ||
| 020 | _a9781409401230 (ebk.) | ||
| 020 | _a1409401235 (ebk.) | ||
| 040 |
_aDLC _cDLC _dYDX _dYDXCP _dBTCTA _dBWK _dUKM _dCDX _dDLC _dEG-ScBUE |
||
| 082 | 0 | 0 |
_a658.4083 _222 _bMAK |
| 245 | 0 | 0 |
_aMaking ecopreneurs : _bdeveloping sustainable entrepreneurship / _cedited by Michael Schaper. |
| 250 | _a2nd ed. | ||
| 260 |
_aFarnham, England ; _aBurlington, VT : _bGower / Ashgate Pub., _cc.2010. |
||
| 300 |
_axix, 321 p. : _bill. ; _c26 cm. |
||
| 490 | 1 | _aCorporate social responsibility series | |
| 500 | _aRev. ed. of: Making ecopreneurs : developing sustainable entrepreneurship. 2005 | ||
| 504 | _aIncludes bibliographical references and index. | ||
| 650 | 0 | _aSustainable development. | |
| 650 | 0 | _aEntrepreneurship. | |
| 650 | 0 | _aEnvironmental ethics. | |
| 653 |
_bBUSADM _cMarch2015 |
||
| 655 |
_vreading book _934232 |
||
| 700 | 1 |
_aSchaper, Michael _c(Professor) _934853 |
|
| 830 | 0 | _aCorporate social responsibility series. | |
| 906 |
_a7 _bcbc _corignew _d1 _eecip _f20 _gy-gencatlg |
||
| 942 | _2ddc | ||
| 999 |
_c19088 _d19060 |
||